Word Ladder: Cohen Song Quiz Stats

 Plays Quiz Updated Aug 13, 2019

Score 0/21 Timer 02:30
0 Plays Today
Clue 4-Letter Word % Correct
Place to go swimmingPOOL
99.1%
A location with many storesMALL
98.5%
Flavor partner of sweetSOUR
98.4%
Survey of votersPOLL
98.3%
Letters, packages, catalogs, etc.MAIL
98.2%
Empty liquid from a containerPOUR
97.9%
DestitutePOOR
97.9%
Flanders of English literatureMOLL
96.7%
Explosive soundBOOM
96.7%
What a train's wheels move onRAIL
96.7%
Heavy work shoeBOOT
96.2%
Clue 4-Letter Word % Correct
Device for weaving fabricLOOM
94.5%
'Crazy' birdLOON
92.3%
Water vesselBOAT
91.4%
A cut of meatLOIN
90%
Had been in a horizontal positionLAIN
87.6%
♫ Leonard Cohen's 'Famous [1] [13][21]' ♫ ♫ RAIN ♫
85.3%
A disparaging remarkSLUR
74.1%
'Song 2' bandBLUR
66.8%
♫ Leonard Cohen's 'Famous [1] [13][21]' ♫ ♫ BLUE ♫
60.9%
♫ Leonard Cohen's 'Famous [1] [13][21]' ♫ ♫ COAT ♫
59.7%

Today's Daily Dose

Missing Word
Sherlocks

Word Ladder
King of the Hill

Quick Pick
Songs in Pink

Get the Picture
NBA Teammates

You're not logged in!

Compare scores with friends on all Sporcle quizzes.
OR
Log In

Sporcle TV

Today on Sporcle TV


Watch our educational content, quiz creation guides, and fun videos on Sporcle TV.

Show Comments

Extras

Top Quizzes Today


Score Distribution

Your Account Isn't Verified!

In order to create a playlist on Sporcle, you need to verify the email address you used during registration. Go to your Sporcle Settings to finish the process.

Report this User

Report this user for behavior that violates our Community Guidelines.

Details: